|
|
|
|
| LEADER |
00000ny a22000003n 4500 |
| 005 |
20110519140137.0 |
| 008 |
110201s2009 mx 000 0 spa d |
| 020 |
|
|
|a 9786077620266
|
| 035 |
|
|
|a 5284
|
| 040 |
|
|
|a BUS
|d vLex
|
| 090 |
|
|
|c 60
|d 60
|
| 100 |
1 |
|
|a Matheln̕ Leyva, Carlos R.
|
| 245 |
1 |
0 |
|a Estudio del rǧimen fiscal de empresas constructoras
|h [Recurso electrn̤ico]
|c Carlos R. Matheln̕ Leyva
|
| 256 |
|
|
|a Servicio en ln̕ea
|
| 260 |
|
|
|a [Mx̌ico] :
|b Instituto Mexicano de Contadores Pb︢licos,
|c 2009
|
| 506 |
1 |
|
|a Contenido solo disponible en los productos indicados
|d vLex Global
|d vLex Global (Academic Edition, excluding Law Schools)
|d vLex Global (U.S. Academic Edition, Law Schools)
|d vLex Global (U.S. Academic Edition, excluding Law Schools)
|d vLex Global (Academic Edition, Law Schools)
|
| 650 |
0 |
7 |
|2 Tesauro vLex
|a Derecho fiscal
|
| 740 |
0 |
|
|a vLex Libros (Servicios en ln̕ea)
|
| 856 |
4 |
0 |
|u http://vlex.com/source/5284
|z Acceso restringido
|
| 942 |
|
|
|c BOOK
|
| 999 |
0 |
|
|a Taxation
|b Mx̌ico
|